000 00480nam a2200181Ia 4500
008 230917s9999||||xx |||||||||||||| ||und||
020 _cRS595
040 _e223723
_aMAIN
041 _aEnglish
082 _a338.4791 S25C (2)
100 _aSwarbrooke , John
245 0 _aConsumer behaviour in tourism
250 _a2nd ed.
260 _aNew Delhi
_bElsevier India
_c2007
300 _aix, 428 p.
500 _a1915 27/01/2015 APD1014539 20/02/2015 IHTM (SFS)
942 _cBK
999 _c14176
_d14176